Olaszország és az olasz vállalatok szerepe a magyar gazdaságban
| Szerző: | |
|---|---|
| További közreműködők: | |
| Dokumentumtípus: | Diplomadolgozat |
| Kulcsszavak: | Olaszország Magyarország Gazdasági kapcsolatok |
| Online Access: | http://dolgozattar.uni-bge.hu/27727 |
MARC
| LEADER | 00000nta a2200000 i 4500 | ||
|---|---|---|---|
| 001 | dolg27727 | ||
| 005 | 20201207054719.0 | ||
| 008 | 201207suuuu hu om 000 hun d | ||
| 040 | |a BGE Dolgozattár Repozitórium |b hun | ||
| 041 | |a hu | ||
| 100 | 1 | |a Péter Andrea Rita | |
| 245 | 1 | 0 | |a Olaszország és az olasz vállalatok szerepe a magyar gazdaságban |c Péter Andrea Rita |h [elektronikus dokumentum] |
| 695 | |a Olaszország | ||
| 695 | |a Magyarország | ||
| 695 | |a Gazdasági kapcsolatok | ||
| 700 | 1 | |a Nincs adat Nincs adat |e ths | |
| 856 | 4 | 0 | |u http://dolgozattar.uni-bge.hu/27727/1/D_14603.pdf |z Dokumentum-elérés |